Fiber-optic communication systems / (Record no. 3551)
[ view plain ]
| 000 -LEADER | |
|---|---|
| fixed length control field | 00730nam a2200241 a 4500 |
| 001 - CONTROL NUMBER | |
| control field | 16550 |
| 003 - CONTROL NUMBER IDENTIFIER | |
| control field | BD-DhUAP |
| 005 - DATE AND TIME OF LATEST TRANSACTION | |
| control field | 20210130100938.0 |
| 008 - FIXED-LENGTH DATA ELEMENTS--GENERAL INFORMATION | |
| fixed length control field | 090510r20112002ii ab b 001 0 eng d |
| 020 ## - INTERNATIONAL STANDARD BOOK NUMBER | |
| International Standard Book Number | 9788126513864 |
| 040 ## - CATALOGING SOURCE | |
| Original cataloging agency | BD-DhUAP |
| Language of cataloging | Eng |
| Transcribing agency | BD-DhUAP |
| Modifying agency | BD-DhUAP |
| 082 00 - DEWEY DECIMAL CLASSIFICATION NUMBER | |
| Edition number | 23 |
| Classification number | 621.382 AGR |
| 100 1# - MAIN ENTRY--PERSONAL NAME | |
| Personal name | Agrawal, Govind P. |
| 245 10 - TITLE STATEMENT | |
| Title | Fiber-optic communication systems / |
| Statement of responsibility, etc. | Govind P. Agrawal. |
| 250 ## - EDITION STATEMENT | |
| Edition statement | 3rd ed. |
| 260 ## - PUBLICATION, DISTRIBUTION, ETC. | |
| Place of publication, distribution, etc. | India : |
| Name of publisher, distributor, etc. | Wiley-India, |
| Date of publication, distribution, etc. | c2002 [Reprinted 2011]. |
| 300 ## - PHYSICAL DESCRIPTION | |
| Extent | xiv, 546 pages : |
| Other physical details | illustrations ; |
| Dimensions | 25 cm. |
| 504 ## - BIBLIOGRAPHY, ETC. NOTE | |
| Bibliography, etc. note | Includes bibliographical references and index. |
| 650 #0 - SUBJECT ADDED ENTRY--TOPICAL TERM | |
| Topical term or geographic name entry element | Optical communications. |
| 650 #0 - SUBJECT ADDED ENTRY--TOPICAL TERM | |
| Topical term or geographic name entry element | communication systems. |
| 942 ## - ADDED ENTRY ELEMENTS (KOHA) | |
| Source of classification or shelving scheme | |
| Koha item type | Book |
| Withdrawn status | Lost status | Source of classification or shelving scheme | Damaged status | Not for loan | Permanent Location | Current Location | Shelving location | Date acquired | Full call number | Barcode | Date last seen | Copy number | Price effective from | Koha item type |
|---|---|---|---|---|---|---|---|---|---|---|---|---|---|---|
| UAP Central Library | UAP Central Library | General Stacks | 2020-03-09 | 621.382 AGR | 3010016550 | 2020-03-09 | 1 | 2020-03-09 | Book | |||||
| UAP Central Library | UAP Central Library | General Stacks | 2020-03-09 | 621.382 AGR | 3010012165 | 2020-03-09 | 2 | 2020-03-09 | Book | |||||
| UAP Central Library | UAP Central Library | General Stacks | 2020-03-09 | 621.382 AGR | 3010012164 | 2020-03-09 | 3 | 2020-03-09 | Book | |||||
| UAP Central Library | UAP Central Library | General Stacks | 2020-03-09 | 621.382 AGR | 3010016309 | 2020-03-09 | 4 | 2020-03-09 | Book | |||||
| UAP Central Library | UAP Central Library | General Stacks | 2020-03-09 | 621.382 AGR | 3010016308 | 2020-03-09 | 5 | 2020-03-09 | Book | |||||
| UAP Central Library | UAP Central Library | General Stacks | 2020-03-09 | 621.382 AGR | 3010016551 | 2020-03-09 | 6 | 2020-03-09 | Book | |||||
| UAP Central Library | UAP Central Library | General Stacks | 2020-03-09 | 621.382 AGR | 3010016549 | 2020-03-09 | 7 | 2020-03-09 | Book | |||||
| UAP Central Library | UAP Central Library | General Stacks | 2020-03-09 | 621.382 AGR | 3010012163 | 2020-03-09 | 8 | 2020-03-09 | Book | |||||
| UAP Central Library | UAP Central Library | General Stacks | 2021-01-23 | 621.382 AGR | 3010021109 | 2021-01-23 | 9 | 2021-01-23 | Book | |||||
| UAP Central Library | UAP Central Library | General Stacks | 2021-01-23 | 621.382 AGR | 3010021128 | 2021-01-23 | 10 | 2021-01-23 | Book | |||||
| UAP Central Library | UAP Central Library | General Stacks | 2021-01-23 | 621.382 AGR | 3010021129 | 2021-01-23 | 11 | 2021-01-23 | Book |
Bengali Keyboard